The Aquaman Quiz - Statistics

General Stats
  • This quiz has been taken 112 times
  • The average score is 8 of 12
Answer Stats
Hint Answer % Correct
Superhero Team {Justice} League
98%
Kingdom Ruled Atlantis
88%
Weapon of Choice Trident of Neptune
85%
Half-Brother Ocean Master
78%
Wife Mera
76%
Underwater Pirate Black Manta
75%
Alter-ego Arthur Curry
70%
Actor Jason Momoa
65%
Sidekick Aqualad
53%
Home State Maine
45%
Chief Adviser Nuidis Vulko
39%
Actor Alan Ritchson
14%
No matching quizzes found
Score Distribution
Percent of People with Each Score
Percentile by Number Answered
Your Score History
You have not taken this quiz